000 00543nam a22001937a 4500
003 KOHA_MİRAKIL
005 20251013100013.0
008 251013b tu ||||| |||| 00| 0 tur d
020 _a9786052199473
040 _aTR-AnABB
_btur
_cTR-AnABB
041 _atur
082 _a813.41
_bSAB 2020
100 _aSabahattin Ali,
_d1907-1948
245 1 0 _aİçimizdeki şeytan /
_cSabahattin Ali
260 _aİstanbul :
_bŞule Yayınları,
_c2020
300 _a364 sayfa ;
_c20 cm
650 0 4 _aTürk edebiyatı, roman
942 _2ddc
_cBK
999 _c9124
_d9124
900 _bGizem YORULMAZ